000 00783nam a2200241 a 4500
005 20220816063946.0
008 140521s2006 cl r 000 0 spa d
020 _a9583021407 (10 dígitos)
020 _a9789583021404 (13 dígitos)
035 _aUPN01000197386
049 _aI
050 4 _aPZ24.9
_bD6.6
100 1 _aDoinet, Mymi,
_d1958-
_935506
245 1 0 _aPedro es muy distraído /
_cMymi Doinet ; tr. Badrán Padauí ; il. Nanou.
260 _aBogotá :
_bPanamericana,
_c2006.
300 _a[18] p. :
_bil. col.
440 0 _aSueños de papel.
_pLos otros y yo
534 _pTítulo original:
_tPierre fait tout de travers
650 0 _aCuentos infantiles franceses
_98588
650 0 _aAmistad en la literatura
_910763
905 _aInfantil
999 _c169487
_d169487